| 000 | 01087nam a2200205 4500 | ||
|---|---|---|---|
| 001 | K121128 | ||
| 008 | 191011b2019 ||||| |||| 00| 0 eng d | ||
| 020 | _a9781783213733 | ||
| 041 | _aeng | ||
| 245 | _aComparable evidence in real estate valuation | ||
| 260 |
_aLondon _bRICS _c2019 |
||
| 490 | _aRICS professional standards and guidance, global | ||
| 520 | _aExamines the use of comparable evidence in the valuation of the principal types of real estate asset. It does not discuss comparable evidence in the valuation of plant and equipment and other business assets, or personal property, but many of the principles described are also relevant to the valuation of these asset types. Supersedes Comparable evidence in property valuation 9781842196847. | ||
| 650 | _aComparable evidence | ||
| 650 | _aReal estate | ||
| 651 | _aInternational | ||
| 690 |
_96273 _aValuation |
||
| 856 |
_uhttps://www.rics.org/profession-standards/rics-standards-and-guidance/sector-standards/valuation-standards/comparable-evidence-in-real-estate-valuation _zAvailable on RICS.org |
||
| 942 | _n0 | ||
| 999 |
_c121128 _d121128 |
||